Statistics for 50 biggest U.K companies

Click here to take the quiz!

General Stats

  • This quiz has been taken 32 times
  • The average score is 3 of 50

Answer Stats

SectorCompany% Correct
AirportHeathrow
75%
RetailJohn Lewis and partners
43%
EngineeringMott Mcdonald
29%
Water ServicesThames water (Kemble)
21%
Retail and Shoe manufacturingClarks
14%
Construction Equipment manufacturingJCB
14%
RetailNew look
14%
Car dealerArnold Clark
11%
Appliance manufacturingDyson
11%
Water sevicesAnglian water group
7%
Bookmakerbet365
7%
RetailIceland
4%
ChemicalsIneos
4%
Car ManufcturingMcLaren group
4%
HealthSpecsavers
4%
Food manufacturing2 sisters food group
0%
RetailA.F. Blakemore & son
0%
RetailArcadia
0%
Design and EngineeringArup
0%
ConglomerateBestway group
0%
Building and Motorbike manufacturingBloor Investments
0%
OilChrysaor
0%
FuelE.G
0%
Metal recyclerEMR
0%
FinanceFinastra
0%
FuelGreenergy
0%
HealthHealthcare at home
0%
RetailHome Bargains
0%
Construction ServicesISG
0%
Car dealerJCT600
0%
Engineering and constructionLaing O'Rourke
0%
FoodLamex food group
0%
RetailListers
0%
Construction ManagingMace
0%
ConglomerateMarshall group
0%
FuelMFG
0%
InsurancePension Insurance Corporation
0%
Retail and Brand managingPentland group
0%
Fleet ServicesRadius Payment solutions
0%
ConglomerateRigby group
0%
RetailRontec
0%
Industrial parts distributingRubix
0%
RetailShop Direct
0%
SteelStemcor global holdings
0%
ConglomerateSwire
0%
Construction contractingWates
0%
Technology distributingWestcoast
0%
RetailWilko
0%
Construction contractingWilmott Dixon
0%
ConglomerateW&R Barnett
0%

Score Distribution

Percentile by Number Answered

Percent of People with Each Score

Your Score History

You have not taken this quiz